| 000 | 00686nam a2200169 a 4500 | ||
|---|---|---|---|
| 001 | 000028374 | ||
| 005 | 20200930054918.0 | ||
| 008 | 110408s1989 dr abc 000 0 spa d | ||
| 040 |
_aDO-SdBNP _bspa _cBNPHU |
||
| 082 |
_axxx _bQ79c |
||
| 245 | 0 | 1 |
_aEl quinto centenario y la República Dominicana / _cSonia Read Hoepelman;Juan Salvador Tavarez. |
| 260 |
_aSanto Domingo : _bComisión Dominicana Permanente para la Celebración del Quinto Centenario del Descubrimiento y Evangelización de América, _c1989. _fAmigo del Hogar |
||
| 300 |
_a27, [1] p. : _bil., mapas, retrs. ; _c22 cm. |
||
| 700 | 1 |
_aRead Hoepelman, Sonia _940370 |
|
| 700 | 1 |
_aTavarez, Juan Salvador _955338 |
|
| 049 | _aBNPD | ||
| 999 |
_c27866 _d27866 |
||